| 000 | 02355nam a2200289Ia 4500 | ||
|---|---|---|---|
| 999 |
_c48579 _d48579 |
||
| 001 | 15478 | ||
| 003 | GE_BSU | ||
| 005 | 20200407175312.0 | ||
| 008 | 181216s1999ge xx |||||||||||||| ||geo|| | ||
| 040 | _cGE_BSU | ||
| 041 | _ageo | ||
| 080 | _a343.9 დ-24 | ||
| 100 |
_aდაუთაშვილი, პეტრე _97857 |
||
| 245 |
_aკრიმინოლოგია. : _bსოფლად არასრულწლოვანთა და ახალგაზრდობის დანაშაულის კრიმინოლოგიური დახასიათება და პროფილაქტიკა / _cპეტრე დაუთაშვილი ; რედ. შ.გორგოძე . |
||
| 264 |
_aთბილისი : _bფარნავაზი, _c1999. |
||
| 300 |
_a158 გვ.: _c.21 სმ. |
||
| 504 | _aბიბლიოგრ. ტექსტის შენიშ | ||
| 653 | _aკრიმინოლოგია. | ||
| 653 | _aარასრულწლოვანთა დანაშაულის პროფილაქტიკა | ||
| 653 | _aძალმომრეობა | ||
| 653 | _a ქურდობა. | ||
| 653 | _aსამართალი | ||
| 653 | _aნაშრომის ძირითად მიზანს წარმოადგენს საქართველოს სოფლის ახალგაზრდობისა და არასრულწლოვანთა მიერ ჩადენილ დანაშაულებათა პროფილაქტიკის რეკომენდაციების შემუშავება და დასაბუთება. ავტორი ეყრდნობა შემეცნების დიალექტიკურ მეთოდს, ფილოს. და სოციოლ. თეორიებს, რომელთაც შეუძლიათ ადამიანთა ქცევის საერთო სპეციფიკური კანონზომიერების ახსნა. | ||
| 700 |
_aგორგოძე, შ _eრედაქტორი _97858 |
||
| 710 |
_a საქ. შსს-ს აკადემია _97859 |
||
| 942 |
_cBK _2udc |
||